Desastres y planificación del desarrollo
Salvato in:
| Natura: | testo |
|---|---|
| Soggetti: | |
| Tags: |
Aggiungi Tag
Nessun Tag, puoi essere il primo ad aggiungerne!!
|
MARC
| LEADER | 00000 a a2200000 04500 | ||
|---|---|---|---|
| 001 | 6298 | ||
| 003 | |||
| 040 | |||
| 245 | |a Desastres y planificación del desarrollo | ||
| 650 | |a DESARROLLO ECONOMICO Y SOCIAL | ||
| 650 | |a DESASTRES NATURALES | ||
| 650 | |a GOBIERNO | ||
| 650 | |a PLANIFICACION | ||
| 650 | |a AGRICULTURA | ||
| 650 | |a INSTITUCIONES PUBLICAS | ||
| 650 | |a ESTADO | ||
| 650 | |a RECURSOS NATURALES | ||
| 650 | |a ECONOMIA | ||
| 650 | |a POBREZA | ||
| 773 | |g volumen 20, número 873; páginas 7-9 | ||
| 999 | |c 19865 |d 19865 | ||
